[Event "HCL-A2663"]
[Site "www.playchess.de"]
[Date "2006.03.24"]
[Round "33"]
[White "Ultimate"]
[Black "shadow_cup"]
[WhiteElo "1787"]
[BlackElo "1523"]
[PlyCount "35"]
[Result "1-0"]

1.e4 e6 {Have a good game :)}  2.d4 {the same to 
you from switzerland}  c5 3.Nf3 d5 4.e5 Qb6 5.Nc3 
Nc6 6.Bb5 a6 7.Bxc6+ bxc6 8.dxc5 Bxc5 9.O-O Qc7 
10.Na4 Be7 11.c4 f6 12.Bf4 Qd8 13.c5 fxe5 14.Nxe5 
Bf6 15.Nxc6 Qd7 16.Ne5 Bxe5 17.Bxe5 Qf7 
18.Nb6 1-0

[Event "HCL-T265"]
[Site "www.playchess.de"]
[Date "2006.03.24"]
[Round "21"]
[White "richard"]
[Black "MrM"]
[WhiteElo "1959"]
[BlackElo "1239"]
[PlyCount "26"]
[Result "1-0"]

1.e4 e5 2.Nf3 Nc6 3.Bb5 a6 4.Bxc6 dxc6 5.O-O Bd6 
6.d4 Bg4 7.dxe5 Bxf3 8.Qxf3 Bxe5 9.Nd2 b5 10.Qh5 
Qf6 11.Nf3 Bxb2 12.e5 Qxf3 13.Qxf3 
Bxa1 1-0

[Event "HCL-E1592"]
[Site "www.playchess.de"]
[Date "2006.03.24"]
[Round "17"]
[White "Tarrega"]
[Black "froilo"]
[WhiteElo "1752"]
[BlackElo "1526"]
[PlyCount "49"]
[Result "1-0"]

1.e4 c5 2.Nc3 d6 3.g3 Nf6 4.Bg2 g6 5.d3 Bg7 6.h3 
a6 7.Be3 Qc7 8.Qd2 O-O 9.Bh6 Re8 10.Bxg7 Kxg7 
11.O-O-O Nc6 12.h4 h5 13.f4 Rb8 14.Nge2 b5 15.Nd5 
Nxd5 16.exd5 Na7 17.Bh3 e6 18.g4 hxg4 19.Bxg4 exd5 
20.f5 Bxf5 21.Bxf5 gxf5 22.Qg5+ Kf8 23.Nf4 Qb7 
24.h5 Re7 25.h6 1-0

[Event "HCL-A2645"]
[Site "www.playchess.de"]
[Date "2006.03.24"]
[Round "18"]
[White "pirracas"]
[Black "BR_Hort"]
[WhiteElo "1471"]
[BlackElo "2202"]
[PlyCount "66"]
[Result "0-1"]

1.e4 c5 {hi. gg}  2.Nf3 {Hi gl}  Nc6 3.Bc4 e6 4.d3 
d5 5.Bb3 dxe4 6.dxe4 Qxd1+ 7.Kxd1 Bd6 8.Be3 Nf6 
9.Nc3 Ng4 10.Ke2 Nxe3 11.Kxe3 a6 12.Rhd1 Ke7 
13.Rd2 b5 14.Rad1 Bc7 15.a3 Rd8 16.R2xd8 Bxd8 
17.Ne2 c4 18.Ba2 Bb6+ 19.Kd2 Bxf2 20.Kc1 Bb7 21.b3 
cxb3 22.Bxb3 Be3+ 23.Kb2 Rd8 24.Rf1 Nd4 25.Nexd4 
Bxd4+ 26.c3 Be3 27.Ne5 f6 28.Ng4 Rd2+ 29.Bc2 Bc5 
30.e5 Be4 31.exf6+ gxf6 32.Rc1 Rxg2 33.Kb3 
Rxg4 0-1

[Event "HCL-A2619"]
[Site "www.playchess.de"]
[Date "2006.03.24"]
[Round "10"]
[White "Supervolki"]
[Black "RUDI"]
[WhiteElo "1800"]
[BlackElo "1278"]
[PlyCount "81"]
[Result "1-0"]

1.c4 c5 {Hallo!}  2.Nc3 Nc6 3.g3 Nf6 4.Bg2 e6 5.e3 
Be7 6.Nge2 O-O 7.O-O a6 8.d4 d6 9.a3 d5 10.cxd5 
exd5 11.dxc5 Bxc5 12.Nxd5 Be6 13.Nec3 Bxd5 14.Nxd5 
Nxd5 15.Qxd5 Bb6 16.Rd1 Qxd5 17.Rxd5 Rfd8 18.b4 
Rxd5 19.Bxd5 Nd8 20.Bb2 Rc8 21.Rc1 Rxc1+ 22.Bxc1 
Nc6 23.Bb2 Bc7 24.Kf1 Nd8 25.Ke2 Kf8 26.Kd3 b6 
27.a4 h5 28.Kc4 g6 29.Bc3 Ke7 30.a5 b5+ 31.Kc5 Kd7 
32.h4 Ne6+ 33.Bxe6+ fxe6 34.e4 Kc8 35.Kc6 e5 
36.Kd5 Kd7 37.Bxe5 Bxe5 38.Kxe5 Ke7 39.f4 Kf7 
40.Kd6 Kf6 41.e5+ 1-0

[Event "HCL-A2635"]
[Site "www.playchess.de"]
[Date "2006.03.24"]
[Round "14"]
[White "IRONMAIDEN"]
[Black "Rale"]
[WhiteElo "1202"]
[BlackElo "1906"]
[PlyCount "88"]
[Result "0-1"]

1.c4 {hello and good game!}  e5 2.Nc3 Nf6 {hello}  
3.e4 Nc6 4.Nf3 d6 5.Be2 h6 6.O-O Be7 7.b4 Nxb4 
8.Ba3 Nc6 9.d3 g5 10.Nd5 Nxd5 11.exd5 Nb8 12.d4 e4 
13.Nd2 f5 14.Bh5+ Kf8 15.Nb1 Nd7 16.Nc3 Nf6 17.Bc1 
g4 18.Bg6 Kg7 19.Bxf5 Bxf5 20.Be3 h5 21.Qd2 Nh7 
22.Ne2 Bg5 23.Nf4 Bxf4 24.Bxf4 Qd7 25.Rae1 Nf8 
26.Bg3 Ng6 27.Qg5 Qe7 28.Qxf5 Raf8 29.Qxe4 Qxe4 
30.Rxe4 h4 31.Rxg4 hxg3 32.Rxg3 Rf4 33.Rd1 Rhh4 
34.h3 Rfxd4 35.Rxd4 Rxd4 36.Rg4 Rxg4 37.hxg4 Ne5 
38.Kh2 Nxc4 39.Kh3 Nb6 40.Kh4 Nxd5 41.Kg5 c5 42.f4 
c4 43.f5 c3 44.Kh5 c2 0-1

[Event "HCL-C4211"]
[Site "www.playchess.de"]
[Date "2006.03.24"]
[Round "9"]
[White "Skipper_Robert"]
[Black "Mercator"]
[WhiteElo "924"]
[BlackElo "1123"]
[PlyCount "60"]
[Result "0-1"]

1.e4 {Hallo!!!!!!!!}  e5 {Hello, nice game to you! 
Greetings Jef.}  2.Nf3 {Thanks, to you too}  Nf6 
3.Bc4 Nxe4 4.Nxe5 d5 5.Qf3 Be6 6.Nc3 Nxc3 7.bxc3 
dxc4 8.Qxb7 Nd7 9.Qb5 Rb8 10.Qa4 Bd6 11.Nxc4 O-O 
12.Nxd6 cxd6 13.Qxa7 Re8 14.O-O Bc4 15.d3 Ra8 
16.Qd4 Rxa2 17.Rxa2 Bxa2 18.Qxd6 Nf6 19.Qf4 Qe7 
20.Be3 Nd5 21.Qg3 Nxe3 22.Re1 Qa7 23.d4 Qd7 
24.Rxe3 Rxe3 25.Qxe3 Kf8 26.h3 Qe7 27.Qd3 Bd5 
28.Qxh7 Qg5 29.g3 Qc1+ 30.Kh2 Qh1+ 0-1

[Event "HCL-C4079"]
[Site "www.playchess.de"]
[Date "2006.03.24"]
[Round "1"]
[White "Farquhart"]
[Black "Kelthek"]
[WhiteElo "570"]
[BlackElo "612"]
[PlyCount "38"]
[Result "0-1"]

1.e4 e5 2.Nf3 Nc6 3.d3 Nf6 4.Nc3 Bb4 5.a3 Bxc3+ 
6.bxc3 d6 7.Bg5 Bg4 8.h3 h6 9.Be3 Bh5 10.g4 Bg6 
11.Rb1 b6 12.Rg1 O-O 13.c4 Nxe4 14.dxe4 Bxe4 
15.Nd2 Bg6 16.Bg2 Qh4 17.Bxc6 Rad8 18.Nb3 Qxh3 
19.f3 Qh2 0-1

[Event "HCL-C4079"]
[Site "www.playchess.de"]
[Date "2006.03.24"]
[Round "2"]
[White "Kelthek"]
[Black "Farquhart"]
[WhiteElo "612"]
[BlackElo "570"]
[PlyCount "39"]
[Result "1-0"]

1.d4 d5 2.c4 dxc4 3.Nf3 Nf6 4.e3 Nc6 5.Bxc4 e6 
6.O-O Bb4 7.a3 Bd6 8.Nbd2 Ng4 9.g3 Na5 10.Qa4+ Nc6 
11.Qb5 a6 12.Qh5 Nf6 13.Qg5 h6 14.Qxg7 Rg8 15.Qxh6 
Bd7 16.Ne4 Nxe4 17.Qh7 Rg4 18.Qh5 Na5 19.Qxg4 f5 
20.Qg8+ 1-0

[Event "ACL-T172"]
[Site "www.playchess.de"]
[Date "2006.03.24"]
[Round "10"]
[White "hal1958"]
[Black "Mercator"]
[WhiteElo "1388"]
[BlackElo "1839"]
[PlyCount "58"]
[Result "0-1"]

1.d4 Nf6 2.Bg5 Ne4 {Prettige partij}  3.Bf4 c5 
4.f3 Qa5+ 5.c3 Nf6 6.e4 cxd4 7.Qxd4 Nc6 8.Qd2 e6 
9.Bd3 e5 10.Be3 d5 11.exd5 Nxd5 12.Bf2 Nf4 13.Bg3 
Nxd3+ 14.Qxd3 Be6 15.Ne2 Rd8 16.Qc2 Bc5 17.Nd2 Be3 
18.Nf1 Bh6 19.a3 O-O 20.Bf2 Nd4 21.Nxd4 exd4 
22.Nd2 dxc3 23.O-O cxd2 24.b4 Qe5 25.Rad1 Rdc8 
26.Qb1 Bc4 27.Bc5 Bxf1 28.Bxf8 Qe2 29.Rxf1 
Rc1 0-1

[Event "HCL-A2656"]
[Site "www.playchess.de"]
[Date "2006.03.24"]
[Round "17"]
[White "GED"]
[Black "BR_Hort"]
[WhiteElo "1440"]
[BlackElo "2069"]
[PlyCount "44"]
[Result "0-1"]

1.e4 c5 2.Nf3 Nc6 3.d4 cxd4 4.Nxd4 g6 5.Bc4 Bg7 
6.Be3 Nf6 7.Nxc6 bxc6 8.Nd2 O-O 9.Bd4 d5 10.Bd3 
Qc7 11.c4 e5 12.Bc5 Rd8 13.cxd5 cxd5 14.Rc1 dxe4 
15.Be3 Qa5 16.Bc4 Ba6 17.Qe2 Rac8 18.Rc3 Nd5 
19.Ra3 Bxc4 20.Rxa5 Bxe2 21.Kxe2 Nxe3 22.Kxe3 
Bh6+ 0-1

[Event "HCL-C4216"]
[Site "www.playchess.de"]
[Date "2006.03.24"]
[Round "6"]
[White "spartan1"]
[Black "Henri"]
[WhiteElo "996"]
[BlackElo "715"]
[PlyCount "43"]
[Result "1-0"]

1.d4 d5 {Bonjour et Bonne Partie}  2.Nc3 {A good 
day to you.}  Nf6 3.h3 e6 4.Nf3 Bb4 5.Bd2 Nc6 6.a3 
Ba5 7.e3 O-O 8.Nb5 b6 9.Ne5 Bb7 10.Bd3 Bxd2+ 
11.Qxd2 Nxe5 12.dxe5 c6 13.Nd6 Bc8 14.O-O Nd7 
15.Qc3 Nc5 16.b4 Nxd3 17.cxd3 Ba6 18.d4 f6 19.Rfe1 
fxe5 20.dxe5 Qg5 21.Qxc6 Rad8 22.b5 1-0

[Event "HCL-B3835"]
[Site "www.playchess.de"]
[Date "2006.03.24"]
[Round "6"]
[White "slavi"]
[Black "tahchiev"]
[WhiteElo "1538"]
[BlackElo "1200"]
[PlyCount "114"]
[Result "1/2-1/2"]

1.e4 {Zdrasti, za prav pat mi se sluchva da igraja 
srestu balgarin v tozi sait...
Uspeh !!!}  e5 2.Nf3 Nc6 3.Bb5 a6 4.Ba4 Nf6 5.O-O 
Be7 6.Re1 d6 7.c3 Be6 8.d4 exd4 9.cxd4 b5 10.Bb3 
d5 11.exd5 Bxd5 12.Bxd5 Nxd5 13.Nc3 O-O 14.Ne5 
Nxe5 {(offering draw)}  15.Rxe5 {Only a few 
moves...}  Nb6 16.b3 Bf6 17.Re4 Re8 18.Rxe8+ Qxe8 
19.Bb2 Rd8 20.Ne2 c5 21.Qd2 Rd7 22.Rd1 Qd8 23.Qf4 
Nd5 24.Qc1 cxd4 25.Bxd4 Nc7 26.Rd2 Ne6 27.Be3 
{Mislja che ako beshe vzel na d4 pecheleshe..}  
Rxd2 28.Qxd2 Qc7 29.g3 Qe5 30.Nf4 Ng5 31.Qd5 Nh3+ 
32.Kh1 Qxd5+ {(offering draw)}  33.Nxd5 {Na remi 
otiva rabotata - iskam samo oste njakolko hoda...} 
 Ng5 34.Bxg5 Bxg5 35.Nc7 Be7 36.Nxa6 Bd6 37.b4 Kf8 
38.Kg2 f5 39.Kf3 Ke7 40.Ke3 Kd7 41.Nc5+ Kc6 42.Kd4 
g6 43.f3 Bf8 44.Nd3 Bg7+ 45.Ne5+ Kd6 46.f4 g5 
47.h4 {(offering draw) Remi e kato analiziram 
podrobno...dori trjabva da igraja mnogo 
vnimatelno....pak i taka pechelish turnira a az 
sam vtori - Bulgarski uspeh}  g4 {ne e remi - 
pechelia konia i pobejdavam.Ne si analiziral 
pravilno.Estestveno , che otkazvam predlojenieto 
ti - igraia za pobeda i sum blizo do neia.}  48.h5 
{Ne sam analiziral seriozno - prosto tozi 
endspielmi haresa i ima kakvo da se uchi ot nego 
zatova igraja - inache prosto stjah da ti priema 
remito koeto mi predloji predi njakolko hoda..imah 
i variant  da ne pechelja "a" peshkata i konjat mi 
stava po-silen}  h6 {napulno sum syglasen che ima 
kakvo da uchish oshte za endshpilite.Pri takyv 
endshpil da precenish che koniat shte e po-silen 
ot oficera e meko kazano neseriozno.
Pri takava otkrita pozicia oficera e mnogo 
po-silen.Sled dva hoda gubi6 konia a s tova i ma4} 
 49.Kd3 {E prijatelju,ama ti mai ne chetesh kakvo 
ti pisha - estestveno che v TAZI posizija konja ne 
e po-silen - govorja ti za 34-35 hod kadeto imam 
predimstvo...ako ne igraja Ke5...haide sega davai 
napred..mejdu drugoto CHESTITO - pechelish 
turnira..!!!}  Bxe5 50.fxe5+ Kxe5 51.Ke3 Ke6 
52.Ke2 Kf6 53.Kd2 Ke5 54.Ke3 Ke6 55.Ke2 {Otkaza li 
se igra za pobeda ?}  Kd5 {ne - zashto?}  56.Kd3 
{Zastoto kaza che sled vzimaneto na konja vijdash 
pobedata no imam chivstvoto che se kolebaesh kakvo 
da pravish..}  Ke6 57.Ke2 Kf6 {(offering draw)} 
 1/2-1/2

[Event "HCL-T264"]
[Site "www.playchess.de"]
[Date "2006.03.24"]
[Round "3"]
[White "gambitfan"]
[Black "Wilmy"]
[WhiteElo "1492"]
[BlackElo "1248"]
[PlyCount "55"]
[Result "1-0"]

1.e4 e5 2.Nf3 Nc6 3.Bb5 Nf6 4.O-O Nxe4 5.d4 Qf6 
6.Qd3 d5 7.dxe5 Qe6 8.Rd1 Bc5 9.Be3 Bxe3 10.fxe3 
Bd7 11.Qxd5 Qxd5 12.Rxd5 O-O-O 13.Nbd2 Nxd2 
14.Rxd2 Rhe8 15.Rd5 Nb4 16.Bxd7+ Rxd7 17.Rxd7 Kxd7 
18.c3 Nd5 19.Rd1 Ke6 20.Kf2 c6 21.g3 Kf5 22.g4+ 
Kg6 23.a3 Re7 24.c4 Nc7 25.h4 Ne6 26.Rh1 Nc5 
27.h5+ Kh6 28.g5+ 1-0

[Event "HCL-A2666"]
[Site "www.playchess.de"]
[Date "2006.03.24"]
[Round "9"]
[White "Snillie"]
[Black "grannialex"]
[WhiteElo "1510"]
[BlackElo "1827"]
[PlyCount "40"]
[Result "0-1"]

1.c4 Nf6 2.g3 d5 3.cxd5 Nxd5 4.Bg2 g6 5.Nc3 Nxc3 
6.bxc3 Bg7 7.Rb1 Nd7 8.Nf3 Nb6 9.Ng5 Bd7 10.Bxb7 
Ba4 11.Qxa4+ Nxa4 12.Bc6+ Kf8 13.Bxa4 Rb8 14.Bb3 
e6 15.d4 h6 16.Ba3+ Kg8 17.Ne4 e5 18.O-O exd4 
19.Rfd1 Qe8 20.Bd6 Qxe4 0-1

[Event "HCL-A2663"]
[Site "www.playchess.de"]
[Date "2006.03.24"]
[Round "14"]
[White "Ulpe"]
[Black "ventura72"]
[WhiteElo "1648"]
[BlackElo "1600"]
[PlyCount "58"]
[Result "1-0"]

1.e4 g6 2.d4 d6 3.Nc3 Bg7 4.f4 a6 5.Nf3 b5 6.Bd3 
Bb7 7.O-O Nd7 8.e5 e6 9.Ne4 d5 10.Nc5 Nxc5 11.dxc5 
c6 {(offering draw)}  12.c3 Ne7 13.a4 O-O 14.Qe2 
Qc7 15.b3 Qd7 16.Rd1 Kh8 17.Be3 h6 18.Bf2 Kh7 
19.Bh4 Rfh8 20.Bf6 Ng8 21.Bxg7 Kxg7 22.Qf2 Qd8 
23.Nd4 h5 24.axb5 axb5 25.Rxa8 Qxa8 26.c4 bxc4 
27.bxc4 Nh6 28.cxd5 exd5 29.f5 
Rf8 1-0

[Event "HCL-A2525"]
[Site "www.playchess.de"]
[Date "2006.03.24"]
[Round "4"]
[White "brasileiro2005"]
[Black "kinghunter"]
[WhiteElo "1700"]
[BlackElo "1789"]
[PlyCount "74"]
[Result "0-1"]

1.e4 d6 2.d4 Nf6 3.Nc3 c6 4.Nf3 Bg4 5.Be2 e6 6.O-O 
Be7 7.h3 Bh5 8.Bf4 O-O 9.a4 a5 10.Qd2 Nbd7 11.Nh2 
Bxe2 12.Qxe2 e5 13.dxe5 dxe5 14.Bg5 Re8 15.Rad1 
Qc7 16.Ng4 Nxg4 17.Qxg4 Rad8 18.Bxe7 Rxe7 19.Qg5 
Nc5 20.Rxd8+ Qxd8 21.Rd1 Qc7 22.Qd2 Rd7 23.Qe2 Rd4 
24.Rxd4 exd4 25.Nd1 Qe5 26.Qg4 f6 27.Qc8+ Kf7 
28.f3 Qe7 29.b3 Qd7 30.Qxd7+ Nxd7 31.Nf2 Nc5 
32.Nd3 Nxd3 33.cxd3 Ke6 34.Kf2 Ke5 35.g3 g5 36.h4 
h6 37.Ke2 Kd6 0-1

[Event "HCL-M890"]
[Site "www.playchess.de"]
[Date "2006.03.24"]
[Round "7"]
[White "aldo"]
[Black "ZorMaster"]
[WhiteElo "1833"]
[BlackElo "1813"]
[PlyCount "50"]
[Result "1/2-1/2"]

1.d4 e6 2.c4 Nf6 3.Nf3 d5 4.Nc3 Bb4 5.Qa4+ Nc6 
6.e3 O-O 7.Bd3 Bd7 8.Qc2 Be7 9.a3 dxc4 10.Bxc4 Bd6 
11.O-O a6 12.Rd1 Qe7 13.e4 e5 14.Bg5 Nxd4 15.Nxd4 
exd4 16.Nd5 Qd8 17.Nxf6+ gxf6 18.Bh6 Re8 19.Rxd4 
Qe7 20.Rad1 Qe5 21.g3 Qh5 22.Qd2 Bg4 23.Re1 Bc5 
24.Rd5 Bxf2+ 25.Qxf2 Qxh6 {(offering draw)} 
 1/2-1/2

[Event "HCL-C4213"]
[Site "www.playchess.de"]
[Date "2006.03.24"]
[Round "7"]
[White "O_Man"]
[Black "n4337m"]
[WhiteElo "1123"]
[BlackElo "1486"]
[PlyCount "32"]
[Result "0-1"]

1.e4 e5 2.Nf3 Nc6 3.Bc4 Be7 4.Bxf7+ Kxf7 5.Nxe5+ 
Nxe5 6.Qh5+ Ng6 7.f4 Nf6 8.Qf3 d6 9.d3 Re8 10.e5 
dxe5 11.fxe5 Nxe5 12.Qf2 Neg4 13.Qf3 Bc5+ 14.Kd2 
{I have not played this well..sorry for the poor 
showing..}  Be3+ {Above all else Chess is a 
gentlemens' game...and you've shown more than a 
modicum of class.}  15.Ke2 {Thank you, but I fear 
my time is over soon..}  Bxc1+ {Perhaps there is 
some small comfort in the fact that I'm a fellow 
American....?}  16.Kd1 {not much...............:(} 
 Bxb2 0-1

[Event "HCL-E1534"]
[Site "www.playchess.de"]
[Date "2006.03.24"]
[Round "5"]
[White "JEB_Stuart"]
[Black "oyetola"]
[WhiteElo "1686"]
[BlackElo "1481"]
[PlyCount "57"]
[Result "1-0"]

1.f4 {Hello and good luck!}  e5 2.fxe5 Nc6 3.Nf3 
d6 4.exd6 Bxd6 5.e4 Bg4 6.Bb5 Bc5 7.c3 Nf6 8.d4 
Bb6 9.Qd3 O-O 10.Bg5 h6 11.Bh4 a6 12.Bxc6 bxc6 
13.Ne5 Bh5 14.O-O Qd6 15.Bxf6 gxf6 16.Nc4 Qe6 
17.Nbd2 Ba7 18.Rf4 Bg6 19.Raf1 Rab8 20.R4xf6 Qg4 
21.Ne5 Qg5 22.R1f2 c5 23.h4 Qh5 24.Nxg6 fxg6 
25.Qc4+ Kg7 26.R6f7+ Rxf7 27.Rxf7+ Kh8 28.Qe6 g5 
29.Qf6+ 1-0

[Event "ACL-A660"]
[Site "www.playchess.de"]
[Date "2006.03.24"]
[Round "7"]
[White "kan_selv"]
[Black "PhilipKaveny"]
[WhiteElo "1500"]
[BlackElo "1496"]
[PlyCount "33"]
[Result "1-0"]

1.e4 g6 2.d4 d6 3.Nf3 Bg7 4.Nc3 Nf6 5.Be2 O-O 
6.O-O c6 7.Bf4 Nh5 8.Bg5 Qc7 9.Qd2 e5 10.d5 Nf6 
11.dxc6 Nxc6 12.Rfd1 Nd4 13.Nxd4 exd4 14.Qxd4 Bg4 
15.Bxf6 Bxf6 16.Qxf6 Bxe2 17.Nd5 1-0

[Event "HCL-B3969"]
[Site "www.playchess.de"]
[Date "2006.03.24"]
[Round "10"]
[White "chessworm"]
[Black "chn"]
[WhiteElo "1772"]
[BlackElo "1173"]
[PlyCount "74"]
[Result "1-0"]

1.d4 d5 2.c4 dxc4 3.Nc3 Be6 4.e4 c6 5.d5 cxd5 
6.exd5 Bf5 7.Bxc4 e6 8.Bb5+ Ke7 9.d6+ Qxd6 
10.Qxd6+ Kxd6 11.Bf4+ Ke7 12.Rd1 Kf6 13.Nf3 h6 
14.Rd8 Be7 15.Rxb8 Rxb8 16.Bxb8 Kg6 17.Bxa7 Nf6 
18.Ne5+ Kh7 19.Nxf7 Rf8 20.Ne5 Rc8 21.O-O Bc5 
22.Bxc5 Rxc5 23.Nf3 Ne4 24.a4 Nxc3 25.bxc3 Rxc3 
26.Nd4 g5 27.Nxf5 exf5 28.f4 g4 29.Re1 b6 30.Re6 
h5 31.Rxb6 h4 32.Rc6 Ra3 33.Rc1 h3 34.g3 Kg7 
35.Bc6 Kf7 36.Rc2 Ra1+ 37.Kf2 Rh1 1-0

[Event "HCL-B3906"]
[Site "www.playchess.de"]
[Date "2006.03.24"]
[Round "4"]
[White "Aggie"]
[Black "mattyboi"]
[WhiteElo "1337"]
[BlackElo "864"]
[PlyCount "61"]
[Result "1-0"]

1.e4 e5 2.Nf3 Nc6 3.Bb5 a6 4.Bxc6 dxc6 5.Nxe5 f6 
6.Nf3 Bg4 7.O-O Bd6 8.h3 Bxh3 9.gxh3 Qe7 10.d3 Qe6 
11.Kg2 f5 12.exf5 Qxf5 13.Bg5 h6 14.Bh4 Qg6+ 
15.Kh1 Qf7 16.Nbd2 Nf6 17.Bxf6 Qxf6 18.Ne4 Qe6 
19.Ng1 Rf8 20.Qg4 Qd5 21.Qxg7 Rg8 22.Qxh6 Qb5 
23.Nf6+ Kf7 24.Nxg8 Qd5+ 25.f3 Rxg8 26.Qh7+ Kf8 
27.c4 Qxd3 28.Qxd3 Rxg1+ 29.Rfxg1 b5 30.Rae1 bxc4 
31.Qf5+ 1-0

[Event "HCL-B3838"]
[Site "www.playchess.de"]
[Date "2006.03.24"]
[Round "8"]
[White "Voromahery"]
[Black "kipkluifje02"]
[WhiteElo "1500"]
[BlackElo "1390"]
[PlyCount "36"]
[Result "0-1"]

1.e4 e5 {hello from Bergen op Zoom, Holland}  
2.Nf3 d6 3.Nc3 {Hi}  Nc6 4.Bb5 Nge7 5.Bxc6+ Nxc6 
6.O-O Bg4 7.d3 Nd4 8.Be3 Nxf3+ 9.gxf3 Bh3 10.Re1 
Qf6 11.Kh1 Be7 12.Rg1 O-O 13.Nb5 c6 14.Bg5 Qe6 
15.Nc7 Qd7 16.Nxa8 Bxg5 17.Rxg5 Rxa8 18.Qg1 
g6 0-1

[Event "HCL-A2616"]
[Site "www.playchess.de"]
[Date "2006.03.24"]
[Round "9"]
[White "RUDI"]
[Black "talewisx"]
[WhiteElo "1278"]
[BlackElo "1284"]
[PlyCount "77"]
[Result "1-0"]

1.c4 {hello!}  Nf6 2.Nc3 g6 3.d4 Bg7 4.e4 d6 5.Be2 
Na6 6.Bf3 O-O 7.Be3 c5 8.Nge2 Bd7 9.O-O Rc8 10.d5 
Bg4 11.Ng3 Bxf3 12.Qxf3 Qb6 13.b3 Nb4 14.Rab1 Nc2 
15.Rbc1 Nb4 16.Qe2 Nd7 17.f4 Bxc3 18.Rxc3 e5 19.f5 
Nf6 20.Bh6 Qa5 21.a4 Rfe8 22.fxg6 fxg6 23.Rxf6 Na2 
24.Rcf3 Nc3 25.Qf2 Qd8 26.Nh5 Nxe4 27.Qe3 Nxf6 
28.Nxf6+ Kh8 29.Nxe8 Qxe8 30.Rf8+ Qxf8 31.Bxf8 
Rxf8 32.Qg5 Rf5 33.Qd8+ Kg7 34.Qxd6 e4 35.Qe7+ Kh6 
36.Qxe4 b6 37.d6 Kg5 38.d7 Rf4 
39.d8Q+ 1-0

[Event "HCL-A2622"]
[Site "www.playchess.de"]
[Date "2006.03.24"]
[Round "15"]
[White "victorabiodun03"]
[Black "Wernswig"]
[WhiteElo "1596"]
[BlackElo "1411"]
[PlyCount "58"]
[Result "1/2-1/2"]

1.f4 d5 {hi, good luck}  2.Nf3 Nc6 3.d4 Bf5 4.c3 
e6 5.e3 Be7 6.Bd3 Bg6 7.O-O Nf6 8.Ne5 Nxe5 9.fxe5 
Ne4 10.Qf3 Ng5 11.Qe2 Ne4 12.Nd2 Nxd2 13.Bxg6 hxg6 
14.Bxd2 f6 15.Qg4 Kf7 16.e4 f5 17.exf5 gxf5 18.Qf3 
Bg5 19.Bxg5 Qxg5 20.Rad1 c6 21.Rf2 g6 22.Rdf1 Rh4 
23.g3 Rah8 24.Rg2 Rg4 25.h4 Qh5 26.Qe3 Re4 27.Qd2 
Ke7 28.Qd1 Qg4 29.Qxg4 Rxg4 {(offering draw)} 
 1/2-1/2

[Event "HCL-A2612"]
[Site "www.playchess.de"]
[Date "2006.03.24"]
[Round "16"]
[White "mrchess"]
[Black "victorabiodun03"]
[WhiteElo "1471"]
[BlackElo "1534"]
[PlyCount "82"]
[Result "1-0"]

1.d4 {good luck}  Nf6 2.c4 g6 3.Nc3 Bg7 4.Nf3 d6 
5.e3 O-O 6.Be2 Nc6 7.O-O e5 8.dxe5 dxe5 9.e4 Bg4 
10.Nd5 Bxf3 11.Bxf3 Nxd5 12.cxd5 Nd4 13.Be3 c5 
14.Rc1 b6 15.g3 f5 16.Bg2 f4 17.Bd2 f3 18.Rc3 fxg2 
19.Kxg2 Qf6 20.f4 Qd6 21.Qg4 exf4 22.Bxf4 Be5 
23.Bxe5 Qxe5 24.Rcc1 Rae8 25.Rce1 Rxf1 26.Kxf1 
Rf8+ 27.Kg2 Kg7 28.Rf1 Rxf1 29.Kxf1 Qf6+ 30.Kg2 a5 
31.Qd7+ Kh6 32.Qh3+ Kg7 33.Qd7+ Kg8 34.Qc8+ Qf8 
35.Qg4 Qf6 36.Qc8+ Kg7 37.Qd7+ Qf7 38.Qg4 h5 
39.Qf4 Qf6 40.Qc7+ {(offering draw) it was a draw 
before with 3 times repetition}  Kh6 41.Qf4+ 
g5 1-0

[Event "HCL-C4091"]
[Site "www.playchess.de"]
[Date "2006.03.24"]
[Round "8"]
[White "joro_"]
[Black "SARADHI"]
[WhiteElo "800"]
[BlackElo "819"]
[PlyCount "35"]
[Result "1-0"]

1.d4 e6 2.Bf4 d6 3.Nf3 Nf6 4.Nc3 h6 5.h3 d5 6.e3 
c5 7.Ne5 cxd4 8.Qxd4 Qa5 9.Bb5+ Bd7 10.a4 Bxb5 
11.Nd3 Nc6 12.Qxf6 gxf6 13.O-O Bxd3 14.cxd3 e5 
15.Bg3 d4 16.exd4 Nxd4 17.Bh4 Qb6 
18.Rab1 1-0

[Event "ACL-A660"]
[Site "www.playchess.de"]
[Date "2006.03.25"]
[Round "16"]
[White "Absoluter_Beginner"]
[Black "PhilipKaveny"]
[WhiteElo "1500"]
[BlackElo "1496"]
[PlyCount "63"]
[Result "1-0"]

1.e4 g6 2.d4 d6 3.Nc3 Bg7 4.Bc4 e6 5.Nf3 c6 6.O-O 
Nf6 7.Bb3 O-O 8.Bg5 Qc7 9.Qd2 b5 10.Rfe1 Bb7 
11.Bh6 b4 12.Na4 c5 13.dxc5 Nxe4 14.Qf4 Nxc5 
15.Bxg7 Kxg7 16.Qd4+ e5 17.Nxe5 Nxb3 18.cxb3 dxe5 
19.Rxe5 f6 20.Rc5 Nc6 21.Qc4 Rad8 22.a3 Rd4 
23.Qxd4 {it wasn't that good}  Nxd4 24.Rxc7+ Rf7 
25.Rxf7+ Kxf7 26.Rd1 Ne2+ 27.Kf1 Ba6 28.Rd7+ Ke8 
29.Rxa7 bxa3 30.bxa3 Bd3 31.b4 Nc3+ 
32.Ke1 1-0

[Event "HCL-B3845"]
[Site "www.playchess.de"]
[Date "2006.03.25"]
[Round "14"]
[White "Genrry28"]
[Black "hctr2006"]
[WhiteElo "1516"]
[BlackElo "1470"]
[PlyCount "84"]
[Result "1/2-1/2"]

1.d4 {Buena suerte amigo!!}  Nf6 {Hagamos un buen 
juego.}  2.c4 {Asi sera!!}  g6 3.Nc3 d5 4.cxd5 
Nxd5 5.e4 Nxc3 6.bxc3 Bg7 7.Be3 c5 8.Nf3 Nc6 9.Be2 
Bg4 10.e5 O-O 11.O-O Qc7 12.Qc2 cxd4 13.cxd4 Qd7 
14.Rab1 Bf5 15.Bd3 Bxd3 16.Qxd3 Nxe5 17.Nxe5 Bxe5 
18.Qb5 Qxb5 19.Rxb5 Bd6 20.Rxb7 Rfb8 21.Rfb1 Rxb7 
22.Rxb7 Rb8 23.Rxb8+ Bxb8 24.d5 Kf8 25.Bc5 Ke8 
26.Kf1 Kd7 27.Ke2 a6 28.Ke3 f5 29.h3 e5 30.dxe6+ 
Kxe6 31.Kd4 Bc7 32.a4 Bd6 33.Bxd6 Kxd6 34.f4 Kc6 
35.g4 Kd6 36.gxf5 gxf5 37.a5 h6 38.h4 h5 39.Kc4 
Kc6 40.Kd4 Kd6 41.Kc4 Kc6 42.Kd4 
Kd6 1/2-1/2

[Event "HCL-A2629"]
[Site "www.playchess.de"]
[Date "2006.03.25"]
[Round "24"]
[White "Zembla"]
[Black "mrchess"]
[WhiteElo "1508"]
[BlackElo "1436"]
[PlyCount "27"]
[Result "1-0"]

1.Nc3 {hi again}  Nc6 {hello}  2.d4 d5 3.e4 dxe4 
4.d5 Nb4 5.a3 Na6 6.Nxe4 e6 7.Bb5+ Bd7 8.dxe6 Bxb5 
9.exf7+ Kxf7 10.Qh5+ g6 11.Qxb5 Qc8 12.Nf3 c6 
13.Qe5 Qe8 14.Nfg5+ 1-0

[Event "HCL-E1543"]
[Site "www.playchess.de"]
[Date "2006.03.25"]
[Round "8"]
[White "One_i"]
[Black "Eishockeytorwart"]
[WhiteElo "1701"]
[BlackElo "1979"]
[PlyCount "98"]
[Result "1/2-1/2"]

1.d4 {Hi, have a good game.}  d5 {welcome from 
germany}  2.Bf4 Bg4 3.Nd2 Nf6 4.Ngf3 Nbd7 5.e3 c5 
6.Be2 Qb6 7.O-O cxd4 8.exd4 e6 9.c4 Qxb2 10.Rb1 
Qxa2 11.Rxb7 Qa6 12.Rb1 dxc4 13.Nxc4 Qc8 14.Qa4 
Nd5 15.Rfc1 Nxf4 16.Nd6+ Bxd6 17.Rxc8+ Rxc8 18.Bb5 
Ke7 19.Bxd7 Rc7 20.d5 Ne2+ 21.Kh1 Nc3 22.Qxg4 Nxb1 
23.dxe6 g6 24.Qg5+ f6 25.Qh6 Kd8 26.Qg7 Rc1+ 
27.Ng1 Rf8 28.g3 Nd2 29.Kg2 Rc7 30.Ne2 Nb3 31.Nf4 
Nc5 32.h4 Nxd7 33.e7+ Ke8 34.exf8Q+ Nxf8 35.Qxf6 
Bxf4 36.gxf4 Rf7 37.Qe5+ Re7 38.Qb8+ Kf7 39.Qb5 
Kg8 40.h5 gxh5 41.Qxh5 Rf7 42.f5 Nd7 43.Qf3 Nf6 
44.Kf1 Kg7 45.Qg3+ Kf8 46.Qb8+ Kg7 47.Qg3+ Kf8 
48.Qb8+ Kg7 49.Qg3+ Kf8 {(offering draw)} 
 1/2-1/2

[Event "HCL-C4204"]
[Site "www.playchess.de"]
[Date "2006.03.25"]
[Round "1"]
[White "gronico"]
[Black "EdDaChed"]
[WhiteElo "1205"]
[BlackElo "1127"]
[PlyCount "68"]
[Result "0-1"]

1.e4 d5 2.exd5 Qxd5 3.Nc3 Qe6+ 4.Qe2 Qf6 5.Nf3 Nc6 
6.b3 e5 7.Bb2 Bc5 8.Nd5 Qd6 9.c4 Nb4 10.d3 Bf5 
11.Qxe5+ Ne7 12.Qxd6 Bxd6 13.Nxb4 Bxb4+ 14.Kd1 Rd8 
15.Kc2 O-O 16.a3 Bc5 17.h4 Bxf2 18.h5 h6 19.Ne5 
Bg3 20.Nf3 Nc6 21.Nh4 Bg4 22.Nf3 Rfe8 23.b4 Bf2 
24.b5 Ne7 25.Nd2 Nf5 26.Ne4 Ne3+ 27.Kd2 Nxc4+ 
28.Kc3 Bd4+ 29.Kxc4 Bxb2 30.Rb1 {(offering draw)}  
Be6+ 31.Kb4 Rd4+ 32.Ka5 Bxa3 33.Be2 Bc8 34.Rhf1 
b6+ {Good Game ---thanks}  0-1

[Event "HCL-A2654"]
[Site "www.playchess.de"]
[Date "2006.03.25"]
[Round "2"]
[White "victorabiodun03"]
[Black "ranzpens"]
[WhiteElo "1573"]
[BlackElo "1503"]
[PlyCount "21"]
[Result "1-0"]

1.f4 d5 2.Nf3 Nf6 3.e3 c5 4.d4 Nc6 5.c3 Bg4 6.Bd3 
Qd7 7.Nbd2 b6 8.O-O e6 9.Qa4 Be7 10.Bb5 Rc8 
11.Ne5 1-0